000
00330nam a2200157Ia 4500
008
151213s9999 xx 000 0 und d
100
_a
Boz
245
_a
Sketches
_c
Boz
250
_a
1St
260
_a
London
_b
C. Hall
_c
1910
300
_a
4365 p.
650
_a
English
650
_a
Literature
700
_a
Boz
999
_c
2778
_d
2778